000 01240nam a22003497a 4500
001 000056603
003 CHAP
005 20220329140647.0
008 971013s1959 r 00010 d
010 _a55539
011 _a56511
035 _a60664
040 _cCHAP
090 _aFolleto 603
100 0 0 _aSimonneau, P.
_9106198
245 1 0 _aCentres d'études d'irrigation du Sahara occidental ; essais et études de la campagne 1957-1958.
260 _aBirmandreis, Alger :
_bMinistére de l'Algérie. Direction de l'Hydraulique et de l'Equipement Rural,
_c1959.
300 _a51 p. :
_b: ilus.
490 _aTravaux des Sections pédologie et Agrologie. Bulletin
_v; 5 1959
590 _aBATCH-UPD
_b10
_c20130110
_lUCH01
_h1529
590 _aBATCH-UPD
_b10
_c20130410
_lUCH01
_h0937
590 _aBATCH-UPD
_b10
_c20130914
_lUCH01
_h2024
590 _aCONVERSION
_b10
_c20130109
_lUCH01
_h1330
590 _aE11695DGD
_b10
_c20141114
_lUCH01
_h1102
650 1 4 _aSuelos salinos.
_9110558
650 1 4 _aSuelos
_xFertilidad.
_9110367
830 0 _aTravaux des Sections pédologie et Agrologie. Bulletin
_v; 5 1959
_9114712
901 _aBK
942 _cFOLL
942 _n0
949 _aFolleto 603
_bBC
_cFOLL
_d-130627
_eTS1
_i60664
_si
999 _c55539
_d55539